Lighting and lighting protection : Vol. IV /

Salvato in:
Dettagli Bibliografici
Autori principali: Hart, Willam C (Autore), Malone, Edgar W (Autore)
Natura: Libro
Lingua:inglese
Pubblicazione: Gainesville : Interference Control Technologies, Inc, 1979
Serie:Multi-volume EMC Encyclopedia series IV
Tags: Aggiungi Tag
Nessun Tag, puoi essere il primo ad aggiungerne!!

MARC

LEADER 00000nam a22000003a 4500
001 stu3591
005 20150617225616.3
008 930416s1979----xxu-----------------eng-d
040 |a STU  |b slo 
041 0 |a eng 
044 |a xxu 
080 |a 537.81 
080 |a 621.391.823 
100 1 |a Hart, Willam C  |4 aut 
245 1 |a Lighting and lighting protection :  |b Vol. IV /  |c [aut.] Hart,Willam C.; Malone,Edgar W 
260 |a Gainesville :  |b Interference Control Technologies, Inc,  |c 1979 
300 |a Nestr 
700 1 |a Malone, Edgar W  |4 aut 
830 0 |a Multi-volume EMC Encyclopedia series  |v IV 
996 |c I*3N4021  |l I  |s A  |a 24  |w stu3591_0001